Singapore MRT Stations in Chinese (Circle Line) - Statistics

General Stats
  • This quiz has been taken 56 times
  • The average score is 20 of 30
Answer Stats
Question Answer % Correct
Paya Lebar 巴耶利峇
91%
Bishan 碧山
91%
Stadium 体育场
87%
Dhoby Ghaut 多美歌
83%
MacPherson 麦波申
83%
Holland Village 荷兰村
83%
Buona Vista 波那维斯达
83%
Serangoon 实龙岗
78%
Botanic Gardens 植物园
78%
Marina Bay 滨海湾
74%
Promenade 宝门廊
70%
Farrer Road 花拉路
70%
Haw Par Villa 虎豹别墅
70%
Esplanade 滨海中心
65%
Bartley 巴特礼
65%
Caldecott 加利谷
65%
Labrador Park 拉柏多公园
65%
Harbourfront 港湾
65%
Bayfront 海湾舫
65%
Mountbatten 蒙巴登
61%
Dakota 达科达
61%
Pasir Panjang 巴西班让
61%
Kent Ridge 肯特岗
57%
Bras Basah 百胜
48%
Tai Seng 大成
48%
Nicoll Highway 尼诰大道
43%
Marymount 玛丽蒙
43%
one-north 纬壹
43%
Lorong Chuan 罗弄泉
39%
Telok Blangah 直落布兰雅
30%
No matching quizzes found
Score Distribution
Percent of People with Each Score
Percentile by Number Answered
Your Score History
You have not taken this quiz